Metacities-Sudden Death - Statistics

General Stats
  • This quiz has been taken 134 times
  • The average score is 5 of 17
Answers on the Grid
Answers color-coded by a green-red scale on the quiz's grid according to % correct below.
Guangzhou/
Shenzhen
Shanghai
Tokyo
Delhi
Jakarta
Manila
Mumbai
Mexico City
Seoul
Dhaka
Cairo
São Paulo
Bangkok
New York
Beijing
Lagos
Karachi
Kolkata
Moscow
Osaka
Chengdu
Los Angeles
Buenos Aires
Tehran
Istanbul
Kinshasa
London
Xiamen
Johannesburg
Lahore
Lima
Paris
Ho Chi Minh City
Xian
Bengaluru
Hangzhou
 
Answer Stats
Answer % Correct
New York
48%
Tokyo
45%
Mexico City
43%
São Paulo
40%
Shanghai
38%
Cairo
35%
Guangzhou/
Shenzhen
35%
Delhi
33%
Beijing
30%
Mumbai
30%
Jakarta
28%
Lagos
28%
Dhaka
20%
Manila
20%
Karachi
18%
Seoul
18%
Bangkok
15%
No matching quizzes found
Score Distribution
Percent of People with Each Score
Percentile by Number Answered
Your Score History
You have not taken this quiz